BIBLIOTECA PODER JUDICIAL
Portal Judicial TDF

Del túnel a la duda razonable. Cómo el Tribunal de Casación Penal devolvió la Justicia / (Registro nro. 5625)

000 -LEADER
fixed length control field 01402nab a22003137a 4500
003 - CONTROL NUMBER IDENTIFIER
control field OSt
005 - DATE AND TIME OF LATEST TRANSACTION
control field 20251222234125.0
008 - FIXED-LENGTH DATA ELEMENTS--GENERAL INFORMATION
fixed length control field 190429b xxu||||| |||| 00| 0 spa d
040 ## - CATALOGING SOURCE
Transcribing agency PJ
100 ## - MAIN ENTRY--PERSONAL NAME
9 (RLIN) 6599
Personal name Walter, Lucas I.
245 10 - TITLE STATEMENT
Title Del túnel a la duda razonable. Cómo el Tribunal de Casación Penal devolvió la Justicia /
Statement of responsibility, etc Lucas I. Walter.
260 ## - PUBLICATION, DISTRIBUTION, ETC. (IMPRINT)
Date of publication, distribution, etc Ciudad Autónoma de Buenos Aires :
Place of publication, distribution, etc Thomson Reuters La Ley,
Name of publisher, distributor, etc 2025.
300 ## - PHYSICAL DESCRIPTION
Extent p. 134-140
500 ## - GENERAL NOTE
General note Cita: TR LALEY AR/DOC/2858/2025.
505 ## - FORMATTED CONTENTS NOTE
Formatted contents note Sumario: I. Introducción.— II. Reseña y análisis del fallo.— III. Conclusiones. — IV. Bibliografía.
505 ## - FORMATTED CONTENTS NOTE
Formatted contents note Fallo comentado: TCasación Penal, Buenos Aires, sala V ~ 23/04/2025 ~ B. O. A. y G. C. I. s/ recurso de casación.
505 ## - FORMATTED CONTENTS NOTE
Title Si te interesa el texto completo, solicitalo a koha@justierradelfuego.gov.ar
650 #0 - SUBJECT ADDED ENTRY--TOPICAL TERM
9 (RLIN) 343
Topical term or geographic name as entry element DERECHO PENAL
650 #0 - SUBJECT ADDED ENTRY--TOPICAL TERM
9 (RLIN) 2348
Topical term or geographic name as entry element PROCESO PENAL
650 #0 - SUBJECT ADDED ENTRY--TOPICAL TERM
9 (RLIN) 2107
Topical term or geographic name as entry element RECURSO DE CASACION
650 #0 - SUBJECT ADDED ENTRY--TOPICAL TERM
9 (RLIN) 2868
Topical term or geographic name as entry element IN DUBIO PRO REO
650 #0 - SUBJECT ADDED ENTRY--TOPICAL TERM
9 (RLIN) 3092
Topical term or geographic name as entry element PRESCRIPCIÓN
650 #0 - SUBJECT ADDED ENTRY--TOPICAL TERM
9 (RLIN) 180
Topical term or geographic name as entry element DEBIDO PROCESO
650 #0 - SUBJECT ADDED ENTRY--TOPICAL TERM
9 (RLIN) 586
Topical term or geographic name as entry element DEFENSA EN JUICIO
650 #0 - SUBJECT ADDED ENTRY--TOPICAL TERM
9 (RLIN) 6600
Topical term or geographic name as entry element HOMICIDIO CRIMINIS CAUSA
650 #0 - SUBJECT ADDED ENTRY--TOPICAL TERM
9 (RLIN) 6031
Topical term or geographic name as entry element SENTENCIA ABSOLUTORIA
773 0# - HOST ITEM ENTRY
Host Biblionumber 2658
Host Itemnumber 3164
Title Revista de derecho penal y criminología. Nº 11 - Diciembre 2025
Place, publisher, and date of publication Ciudad Autónoma de Buenos Aires : Thomson Reuters La Ley, 2017-
International Standard Serial Number 00347914
942 ## - ADDED ENTRY ELEMENTS (KOHA)
Source of classification or shelving scheme
Koha item type Analítica Artículo de Revista

No hay ítems disponibles.

12 de Octubre 789 Ushuaia - Tel:  54(02901)441571
Horario de Atención: 8.00 a 17.00 hs. 
bibliotecaush@justierradelfuego.gov.ar
koha@justierradelfuego.gov.ar
Seguinos en nuestras redes @bibliojustdf 

Con tecnología Koha